| 000 | 004650000a22001690004500 | ||
|---|---|---|---|
| 003 | MACL | ||
| 005 | 20160109164523.0 | ||
| 008 | 160109b xxu||||| |||| 00| 0 eng d | ||
| 040 |
_aMACL _cMACL |
||
| 041 | _aEnglish | ||
| 082 | _a900/CHA | ||
| 100 |
_aChaffers, William _930600 |
||
| 245 |
_aPottery and Porcelain _bWith Historical Notices of Each Manufactory |
||
| 260 |
_bReeves and Turner _c1908 _aLondon |
||
| 650 |
_aHistory _930601 |
||
| 942 |
_cBK _k900/CHA _2ddc |
||
| 999 |
_c39451 _d39451 |
||